[Event "6.Torneo de Promoción Almansa B 2011"]
[Site "Almansa (Albacete)"]
[Date "2011.08.09"]
[Round "1.1"]
[White "Perez Garcia, Jose Miguel"]
[Black "Gomez Maestro, Gustavo"]
[Result "1-0"]
[WhiteElo "1996"]
[BlackElo "1667"]
[PlyCount "111"]
[EventDate "2011.08.09"]
[EventType "swiss"]
[EventRounds "9"]
[EventCountry "ESP"]
[Source "lmi"]
[SourceDate "2011.08.09"]

1. Nf3 e6 2. c4 f5 3. d4 Nf6 4. Nc3 Bb4 5. Qc2 Ne4 6. Bd2 Nxd2 7. Qxd2 b6 8. d5
O-O 9. Rd1 Qf6 10. Rc1 Bb7 11. a3 Bxc3 12. Rxc3 d6 13. Ng5 e5 14. Ne6 Rf7 15.
b4 Bc8 16. Ng5 Re7 17. Nf3 f4 18. e4 fxe3 19. Qxe3 Bf5 20. Be2 Nd7 21. O-O a5
22. Nd2 Qg6 23. Nf3 axb4 24. axb4 Ra4 25. Nh4 Qf6 26. Nxf5 Qxf5 27. h3 Rxb4 28.
Bg4 Qf6 29. Be6+ Kh8 30. Qd2 Ra4 31. Rf3 Qh6 32. Bxd7 Ra8 33. Qxh6 gxh6 34. Bc6
Ra5 35. Rf8+ Kg7 36. Ra8 Rxa8 37. Bxa8 Kf6 38. Bc6 h5 39. h4 Kf5 40. g3 Ke4 41.
Kg2 Rf7 42. Ra1 Kd4 43. Ra8 Re7 44. Rf8 e4 45. Rf4 Kc3 46. Rf5 Kd2 47. Rxh5 e3
48. fxe3 Kxe3 49. Rh6 Kd4 50. Re6 Rg7 51. Kh3 Kc5 52. g4 Kd4 53. g5 Kc5 54. Kg4
Kd4 55. h5 h6 56. Rxh6 1-0

[Event "6.Torneo de Promoción Almansa B 2011"]
[Site "Almansa (Albacete)"]
[Date "2011.08.09"]
[Round "1.2"]
[White "Moreno Brocalero, Diego"]
[Black "Ojaos Penalver, Abel"]
[Result "1-0"]
[WhiteElo "1658"]
[BlackElo "1996"]
[PlyCount "105"]
[EventDate "2011.08.09"]
[EventType "swiss"]
[EventRounds "9"]
[EventCountry "ESP"]
[Source "lmi"]
[SourceDate "2011.08.09"]

1. e4 c5 2. Nf3 d6 3. Bb5+ Bd7 4. Bxd7+ Nxd7 5. d3 g6 6. O-O Bg7 7. Nc3 Ngf6 8.
Ne2 O-O 9. Be3 Rb8 10. Ng3 h5 11. Qd2 Ng4 12. Rab1 Nxe3 13. Qxe3 Qc7 14. c3 Nf6
15. h3 b5 16. a3 c4 17. d4 a5 18. Qd2 Rfd8 19. Rfe1 b4 20. Qc2 e5 21. d5 Nd7
22. Rec1 bxa3 23. bxa3 Nc5 24. Nd2 Nd3 25. Rd1 h4 26. Ngf1 Rxb1 27. Rxb1 Bh6
28. Nf3 Rb8 29. Nxh4 Rxb1 30. Qxb1 Qc5 31. Qa2 Bc1 32. a4 Bb2 33. Ne3 Bxc3 34.
Qxc4 Qxc4 35. Nxc4 Bb4 36. Nf3 Kf8 37. Nfd2 Nc5 38. f3 Ke7 39. Kf2 Kd8 40. Ke3
Kc7 41. f4 exf4+ 42. Kxf4 f6 43. h4 Nd3+ 44. Ke3 Nc5 45. g4 Nxa4 46. Nb3 Nb6
47. Nbxa5 Nd7 48. Nb3 Nc5 49. Nxc5 dxc5 50. h5 gxh5 51. gxh5 Be1 52. h6 f5 53.
e5 1-0

[Event "6.Torneo de Promoción Almansa B 2011"]
[Site "Almansa (Albacete)"]
[Date "2011.08.09"]
[Round "1.3"]
[White "Tonus, Alex"]
[Black "Perez Pardo, Sergio Ivan"]
[Result "1-0"]
[WhiteElo "1993"]
[BlackElo "1657"]
[PlyCount "175"]
[EventDate "2011.08.09"]
[EventType "swiss"]
[EventRounds "9"]
[EventCountry "ESP"]
[Source "lmi"]
[SourceDate "2011.08.09"]

1. e4 c5 2. Nf3 e6 3. d4 cxd4 4. Nxd4 a6 5. Bd3 Qc7 6. Nc3 Nc6 7. Be3 Bb4 8.
O-O Bxc3 9. bxc3 Nf6 10. f4 d6 11. c4 Nb4 12. Qe2 Nxd3 13. cxd3 O-O 14. Kh1 Bd7
15. a4 Bc6 16. Rfc1 Qa5 17. Rcb1 Rfb8 18. Qb2 h6 19. h3 d5 20. Nxc6 bxc6 21.
Bb6 Rxb6 22. Qxb6 Qd2 23. Qxc6 Rf8 24. cxd5 exd5 25. Qc1 Qxd3 26. exd5 Qxd5 27.
Qf1 Ne4 28. Qf3 Qd4 29. Re1 f5 30. Qe3 Qf6 31. Rab1 Qh4 32. Kg1 Rc8 33. Rbc1
Rd8 34. Red1 Rb8 35. Rc2 Rb4 36. a5 Rb5 37. Ra1 Qf6 38. Qa3 Qd4+ 39. Kh2 Nd6
40. Rf1 Kh7 41. Qa2 Qd3 42. Rfc1 Rb3 43. Kh1 Ne4 44. Rb1 Ra3 45. Qb2 Qg3 46.
Rf1 Rxa5 47. Qc1 Rb5 48. Rf3 Qh4 49. Qa1 Rb6 50. Ra2 Qf6 51. Qxf6 Rxf6 52. Rfa3
Nc5 53. Ra5 Nd3 54. g3 Re6 55. Kg2 Nb4 56. Rb2 Nd3 57. Rd2 Nb4 58. Rxf5 Kg6 59.
Ra5 Kf6 60. Kf3 Rc6 61. Rb2 Nd3 62. Rb7 Nc5 63. Ra7 g6 64. g4 g5 65. f5 Ke5 66.
Ke3 Kf6 67. Rh7 Ke5 68. Rh8 Kd5 69. Re8 Kc4 70. Rb8 Kd5 71. Kf3 Kd6 72. Ra8 Kd5
73. Kg3 Kc4 74. Rb8 Ne4+ 75. Kf3 Nc5 76. Ra2 Kc3 77. Rh2 a5 78. h4 a4 79. hxg5
hxg5 80. Rh1 Nb3 81. Ra8 Kb4 82. Rh2 Rc3+ 83. Ke4 Rc4+ 84. Kf3 Rc3+ 85. Ke4
Rc4+ 86. Ke5 Rxg4 87. f6 Rf4 88. Ke6 1-0

[Event "6.Torneo de Promoción Almansa B 2011"]
[Site "Almansa (Albacete)"]
[Date "2011.08.09"]
[Round "1.4"]
[White "Tormo Bas, Gonzalo"]
[Black "Talavera Garcia, Santiago"]
[Result "0-1"]
[WhiteElo "1645"]
[BlackElo "1986"]
[PlyCount "48"]
[EventDate "2011.08.09"]
[EventType "swiss"]
[EventRounds "9"]
[EventCountry "ESP"]
[Source "lmi"]
[SourceDate "2011.08.09"]

1. e4 c5 2. Nf3 e6 3. d4 cxd4 4. Nxd4 Nf6 5. Nc3 Nc6 6. Be2 Bb4 7. O-O Bxc3 8.
bxc3 Nxe4 9. Nxc6 bxc6 10. Qd4 Nf6 11. Rb1 Qe7 12. Bf3 O-O 13. Rb3 e5 14. Qe3
Qe6 15. Ra3 d5 16. Rxa7 d4 17. cxd4 Rxa7 18. dxe5 Re7 19. exf6 Qxf6 20. Qc5
Rfe8 21. Qxc6 Ba6 22. c4 Re1 23. h3 Qxc6 24. Bxc6 Rxf1+ 0-1

[Event "6.Torneo de Promoción Almansa B 2011"]
[Site "Almansa (Albacete)"]
[Date "2011.08.09"]
[Round "1.5"]
[White "Sanchez Sanchez, Alberto"]
[Black "Jarque Megias, Juan Jose"]
[Result "1-0"]
[WhiteElo "1983"]
[BlackElo "1643"]
[PlyCount "89"]
[EventDate "2011.08.09"]
[EventType "swiss"]
[EventRounds "9"]
[EventCountry "ESP"]
[Source "lmi"]
[SourceDate "2011.08.09"]

1. e4 e6 2. d3 d5 3. Nd2 c5 4. Ngf3 Nc6 5. g3 Nf6 6. Bg2 Be7 7. O-O O-O 8. e5
Nd7 9. Re1 Qc7 10. Qe2 b6 11. Nf1 Ba6 12. h4 Rac8 13. Bf4 Qb7 14. c3 b5 15.
N1h2 Nb6 16. b3 Rfd8 17. Ng5 h6 18. Qh5 hxg5 19. hxg5 g6 20. Qh4 Bf8 21. Ng4
Bg7 22. Nf6+ Kf8 23. Qh7 Ne7 24. Bf3 c4 25. bxc4 bxc4 26. Bc1 Rc7 27. Ba3 Bxf6
28. gxf6 Ke8 29. fxe7 Rxe7 30. d4 Na4 31. Rab1 Qc7 32. Rec1 Qc6 33. Qh8+ Kd7
34. Qf6 Rde8 35. Bd1 Nb6 36. Bc5 Bb5 37. Rb4 a5 38. Rb2 Na8 39. Rcb1 Nc7 40.
Rxb5 Nxb5 41. Ba4 Kd8 42. Bxb5 Qb7 43. Kg2 Kc8 44. Bxe7 Rxe7 45. Ba6 1-0

[Event "6.Torneo de Promoción Almansa B 2011"]
[Site "Almansa (Albacete)"]
[Date "2011.08.09"]
[Round "1.6"]
[White "Ivorra Ordines, Pedro"]
[Black "Martinez Hernandez, Javier"]
[Result "0-1"]
[WhiteElo "1639"]
[BlackElo "1972"]
[PlyCount "56"]
[EventDate "2011.08.09"]
[EventType "swiss"]
[EventRounds "9"]
[EventCountry "ESP"]
[Source "lmi"]
[SourceDate "2011.08.09"]

1. d4 Nf6 2. c4 g6 3. g3 Bg7 4. Bg2 O-O 5. Nf3 d6 6. O-O Nbd7 7. Nc3 a5 8. a4
c6 9. e4 Qc7 10. Nh4 e5 11. d5 Nc5 12. f4 exf4 13. gxf4 Qb6 14. Kh1 Nb3 15. Ra3
Nxc1 16. Qxc1 Ng4 17. Nd1 cxd5 18. cxd5 Bd7 19. Rg3 Rac8 20. Qb1 Rc4 21. h3 Nf6
22. e5 Nh5 23. Re3 dxe5 24. Nxg6 hxg6 25. f5 Bxf5 26. Rxf5 gxf5 27. Qxf5 Rc1
28. Rd3 Rxd1+ 0-1

[Event "6.Torneo de Promoción Almansa B 2011"]
[Site "Almansa (Albacete)"]
[Date "2011.08.09"]
[Round "1.7"]
[White "Boj Marques, Javier"]
[Black "Tebar Lujan, Jorge"]
[Result "1-0"]
[WhiteElo "1968"]
[BlackElo "1637"]
[PlyCount "93"]
[EventDate "2011.08.09"]
[EventType "swiss"]
[EventRounds "9"]
[EventCountry "ESP"]
[Source "lmi"]
[SourceDate "2011.08.09"]

1. e4 c5 2. Nf3 a6 3. Nc3 d6 4. d4 cxd4 5. Nxd4 Nf6 6. Be3 e5 7. Nb3 Be6 8. f3
Be7 9. g4 d5 10. exd5 Nxd5 11. Nxd5 Qxd5 12. Be2 Nc6 13. Qxd5 Bxd5 14. O-O-O
Be6 15. Nc5 Nd8 16. Nxe6 Nxe6 17. Bc4 Nf4 18. Bxf4 exf4 19. Rhe1 Rc8 20. Re4
Rc7 21. Rde1 g5 22. Bd3 b5 23. a4 bxa4 24. Rxa4 O-O 25. Rxa6 Kg7 26. Re5 h6 27.
Be4 Rb8 28. Rd5 Bf6 29. c3 Rcb7 30. Rdd6 Be7 31. Bxb7 Bxd6 32. Rxd6 Rxb7 33.
Kc2 Re7 34. b4 Re3 35. Rd3 Re2+ 36. Kb3 Rxh2 37. c4 Re2 38. c5 h5 39. gxh5 f5
40. c6 g4 41. c7 Re8 42. Rd8 Re3+ 43. Kc4 Re1 44. c8=Q Rc1+ 45. Kd3 Rxc8 46.
Rxc8 gxf3 47. Rc4 1-0

[Event "6.Torneo de Promoción Almansa B 2011"]
[Site "Almansa (Albacete)"]
[Date "2011.08.09"]
[Round "1.8"]
[White "Martin Lozano, Guillermo"]
[Black "Borja Perez, Jose"]
[Result "1-0"]
[WhiteElo "1604"]
[BlackElo "1965"]
[PlyCount "87"]
[EventDate "2011.08.09"]
[EventType "swiss"]
[EventRounds "9"]
[EventCountry "ESP"]
[Source "lmi"]
[SourceDate "2011.08.09"]

1. e4 c5 2. c4 Nc6 3. Nc3 d6 4. g3 g6 5. Bg2 Bg7 6. Nge2 Nf6 7. d3 O-O 8. Rb1
Bg4 9. h3 Bd7 10. O-O Ne8 11. a3 a5 12. f4 f5 13. Kh2 Rb8 14. Be3 Nd4 15. a4
Nc7 16. Nb5 Ncxb5 17. axb5 b6 18. Nc3 e6 19. exf5 gxf5 20. Ne2 Bc8 21. Nxd4
cxd4 22. Bf2 Bb7 23. b4 Bxg2 24. Kxg2 axb4 25. Be1 e5 26. Qf3 Qe7 27. fxe5 Bxe5
28. Bxb4 Kh8 29. Bd2 Rg8 30. Bf4 Bxf4 31. Qxf4 Qe2+ 32. Rf2 Qxd3 33. Qxd6 Qe4+
34. Kh2 Rbf8 35. Rd1 f4 36. gxf4 d3 37. Rxd3 Qe1 38. Qd4+ Rg7 39. Rg3 Qe7 40.
Rfg2 Rff7 41. Rxg7 Rxg7 42. Rxg7 Qxg7 43. Qxg7+ Kxg7 44. Kg3 1-0

[Event "6.Torneo de Promoción Almansa B 2011"]
[Site "Almansa (Albacete)"]
[Date "2011.08.09"]
[Round "1.9"]
[White "Garcia Ruano, Juan Carlos"]
[Black "Hernandez Martinez, Carlos"]
[Result "1-0"]
[WhiteElo "1965"]
[BlackElo "1588"]
[PlyCount "57"]
[EventDate "2011.08.09"]
[EventType "swiss"]
[EventRounds "9"]
[EventCountry "ESP"]
[Source "lmi"]
[SourceDate "2011.08.09"]

1. d4 d5 2. Nf3 Nf6 3. g3 e6 4. Bg2 Be7 5. O-O c6 6. Re1 Nbd7 7. c3 O-O 8. Nbd2
b6 9. e4 dxe4 10. Nxe4 Bb7 11. Nxf6+ Bxf6 12. Bf4 Be7 13. Qa4 Qc8 14. Rad1 Rd8
15. c4 h6 16. a3 g5 17. Bc1 Bf6 18. b4 b5 19. cxb5 cxb5 20. Qxb5 a6 21. Qe2 g4
22. Ne5 Nxe5 23. dxe5 Bxg2 24. Qxg4+ Bg5 25. Bxg5 hxg5 26. Qxg5+ Kh8 27. Kxg2
Qb7+ 28. Kg1 Rg8 29. Qh6# 1-0

[Event "6.Torneo de Promoción Almansa B 2011"]
[Site "Almansa (Albacete)"]
[Date "2011.08.09"]
[Round "1.10"]
[White "Campos Gutierrez, Maria Soledad"]
[Black "Martinez Escandell, Alfonso"]
[Result "0-1"]
[WhiteElo "1580"]
[BlackElo "1964"]
[PlyCount "68"]
[EventDate "2011.08.09"]
[EventType "swiss"]
[EventRounds "9"]
[EventCountry "ESP"]
[Source "lmi"]
[SourceDate "2011.08.09"]

1. d4 d5 2. Nc3 Nf6 3. Bg5 e6 4. e4 dxe4 5. Nxe4 Be7 6. Bxf6 Bxf6 7. Nf3 O-O 8.
Qd3 b6 9. Qe3 Bb7 10. Bd3 Nc6 11. c3 a5 12. O-O g6 13. Nxf6+ Qxf6 14. Rfe1 Ne7
15. Qe5 Qxe5 16. Nxe5 Kg7 17. Be4 Bxe4 18. Rxe4 Rfd8 19. Kf1 Rac8 20. Rd1 f5
21. Re3 Kf6 22. Rde1 Nd5 23. Rd3 g5 24. g3 h5 25. h4 g4 26. f4 Ne7 27. Rde3 Nd5
28. Rd3 Rd6 29. Kf2 b5 30. b3 b4 31. Nc4 Ra6 32. cxb4 axb4 33. Rd2 Nc3 34. Re5
Ne4+ 0-1

[Event "6.Torneo de Promoción Almansa B 2011"]
[Site "Almansa (Albacete)"]
[Date "2011.08.10"]
[Round "2.1"]
[White "Castro Fernandez, Fco Javier"]
[Black "Perez Garcia, Jose Miguel"]
[Result "0-1"]
[WhiteElo "1791"]
[BlackElo "1996"]
[PlyCount "102"]
[EventDate "2011.08.09"]
[EventType "swiss"]
[EventRounds "9"]
[EventCountry "ESP"]
[Source "lmi"]
[SourceDate "2011.08.09"]

1. d4 Nf6 2. Nf3 c5 3. c3 d5 4. Nbd2 Nc6 5. e3 g6 6. Bd3 Bg7 7. dxc5 O-O 8. O-O
e5 9. Be2 a5 10. a4 Qe7 11. Nb3 Rd8 12. h3 Ne4 13. Bb5 Nxc5 14. Nxc5 Qxc5 15.
Qe2 Na7 16. Bd2 Nxb5 17. axb5 Bd7 18. b4 Qxb5 19. Qxb5 Bxb5 20. Rfc1 a4 21. Ne1
Bc4 22. Nc2 Bb3 23. Na3 d4 24. exd4 exd4 25. cxd4 Bxd4 26. Bc3 Bb6 27. Re1 Rac8
28. Rac1 Re8 29. Bf6 Rxe1+ 30. Rxe1 Be6 31. Nb5 Rc2 32. Bd4 Bxd4 33. Nxd4 Rb2
34. b5 a3 35. Nxe6 fxe6 36. Ra1 a2 37. Kh2 Rxf2 38. Kg3 Rb2 39. Kf3 Kf7 40. g4
Kf6 41. Kg3 Ke5 42. Kh4 Kd6 43. Kg5 Rxb5+ 44. Kh6 Ra5 45. Kxh7 g5 46. Kh6 b5
47. h4 gxh4 48. g5 b4 49. g6 b3 50. g7 Ra8 51. Rf1 Rg8 0-1

[Event "6.Torneo de Promoción Almansa B 2011"]
[Site "Almansa (Albacete)"]
[Date "2011.08.10"]
[Round "2.2"]
[White "Padilla Mendez, Vicente"]
[Black "Tonus, Alex"]
[Result "1/2-1/2"]
[WhiteElo "1785"]
[BlackElo "1993"]
[PlyCount "95"]
[EventDate "2011.08.09"]
[EventType "swiss"]
[EventRounds "9"]
[EventCountry "ESP"]
[Source "lmi"]
[SourceDate "2011.08.09"]

1. d4 Nf6 2. c4 g6 3. Nc3 Bg7 4. e4 d6 5. f3 O-O 6. Be3 Nc6 7. Qd2 a6 8. Be2
Rb8 9. g4 e5 10. d5 Nd4 11. h4 b5 12. cxb5 Nxe2 13. Ncxe2 axb5 14. Ng3 b4 15.
N1e2 Bd7 16. h5 Qe7 17. Bh6 Ne8 18. Bxg7 Kxg7 19. g5 c5 20. Kf2 f5 21. hxg6
hxg6 22. exf5 Bxf5 23. Rh4 Rh8 24. Rxh8 Kxh8 25. Nxf5 gxf5 26. Ng3 Qf7 27. Rh1+
Kg8 28. Ke1 Rb7 29. Rh6 Ng7 30. Rxd6 Rd7 31. Rc6 Qxd5 32. Qxd5+ Rxd5 33. Rf6 e4
34. fxe4 fxe4 35. g6 Re5 36. Rc6 Ne8 37. Ke2 Kg7 38. Ke3 Nf6 39. Kf4 Re7 40.
Rxc5 Kxg6 41. Rg5+ Kf7 42. Re5 Ra7 43. Nxe4 Rxa2 44. Rf5 Rxb2 45. Rxf6+ Ke7 46.
Rb6 Rb1 47. Ke5 Kd7 48. Kd5 1/2-1/2

[Event "6.Torneo de Promoción Almansa B 2011"]
[Site "Almansa (Albacete)"]
[Date "2011.08.10"]
[Round "2.3"]
[White "Talavera Garcia, Santiago"]
[Black "Lopez Mulet, Inigo"]
[Result "1-0"]
[WhiteElo "1986"]
[BlackElo "1780"]
[PlyCount "112"]
[EventDate "2011.08.09"]
[EventType "swiss"]
[EventRounds "9"]
[EventCountry "ESP"]
[Source "lmi"]
[SourceDate "2011.08.09"]

1. d4 Nf6 2. c4 c5 3. d5 b5 4. cxb5 a6 5. bxa6 g6 6. Nc3 Bxa6 7. Nf3 d6 8. g3
Bg7 9. Bg2 Nbd7 10. Rb1 O-O 11. O-O Qa5 12. Bd2 Bb7 13. b3 Qa7 14. Bc1 Nb6 15.
e4 Ba6 16. Re1 Nbd7 17. h3 Ng4 18. hxg4 Bxc3 19. Bd2 Bg7 20. Qc2 Nf6 21. g5 Ng4
22. Bh3 Ne5 23. Nxe5 Bxe5 24. Bc3 Bd4 25. Red1 Bc8 26. Bxc8 Rfxc8 27. Rd2 Qa6
28. Kg2 Qa7 29. Rc1 Qa6 30. Qb2 Bxc3 31. Qxc3 Rcb8 32. e5 Rb4 33. exd6 exd6 34.
Rh1 Qc8 35. Qf6 Qd8 36. Re1 Qxf6 37. gxf6 h5 38. Re7 c4 39. bxc4 Rxc4 40. Rd7
Ra6 41. Rb2 Rc8 42. Kf3 Rf8 43. Rc2 Ra3+ 44. Kf4 Ra4+ 45. Kf3 Ra6 46. Rc6 Rxa2
47. Rcxd6 g5 48. Rd8 g4+ 49. Ke3 Ra3+ 50. Kd4 Rxd8 51. Rxd8+ Kh7 52. d6 Ra4+
53. Kd5 Ra5+ 54. Kc6 Ra1 55. d7 Rc1+ 56. Kd6 Ra1 1-0

[Event "6.Torneo de Promoción Almansa B 2011"]
[Site "Almansa (Albacete)"]
[Date "2011.08.10"]
[Round "2.4"]
[White "Mateu Torres, Jose Ramon"]
[Black "Sanchez Sanchez, Alberto"]
[Result "0-1"]
[WhiteElo "1777"]
[BlackElo "1983"]
[PlyCount "110"]
[EventDate "2011.08.09"]
[EventType "swiss"]
[EventRounds "9"]
[EventCountry "ESP"]
[Source "lmi"]
[SourceDate "2011.08.09"]

1. e4 g6 2. Nf3 Bg7 3. d4 d6 4. Bd3 Nf6 5. O-O O-O 6. c3 Nc6 7. d5 Ne5 8. Nxe5
dxe5 9. Na3 e6 10. dxe6 Bxe6 11. Bg5 h6 12. Bxf6 Bxf6 13. Bc4 Qe7 14. Qb3 Bg4
15. Nc2 c6 16. Ne3 Bc8 17. Qd1 h5 18. Qe2 Bg5 19. Bb3 Kg7 20. Rfe1 Bf4 21. g3
Bg5 22. Rad1 Bh3 23. Qf3 Rad8 24. Rxd8 Rxd8 25. Rd1 Rxd1+ 26. Bxd1 Qd7 27. Bb3
b5 28. Qd1 Bxe3 29. fxe3 Qe7 30. Qf3 Bg4 31. Qf2 Qd7 32. Kg2 f6 33. Kf1 Qd3+
34. Kg1 Qxe4 35. Bc2 Qf3 36. Qxf3 Bxf3 37. Kf2 Bd5 38. a3 f5 39. Kg1 Kf6 40. b4
Ba2 41. Kf2 Ke6 42. Kf3 Bd5+ 43. Kf2 g5 44. h3 h4 45. Bd3 e4 46. Be2 Ke5 47. g4
f4 48. Bf1 f3 49. Ke1 a6 50. Kd2 Ke6 51. Ke1 c5 52. Kd2 cxb4 53. cxb4 Bc4 54.
Bxc4+ bxc4 55. a4 c3+ 0-1

[Event "6.Torneo de Promoción Almansa B 2011"]
[Site "Almansa (Albacete)"]
[Date "2011.08.10"]
[Round "2.5"]
[White "Martinez Hernandez, Javier"]
[Black "Ucles Lirola, Moises"]
[Result "1-0"]
[WhiteElo "1972"]
[BlackElo "1774"]
[PlyCount "51"]
[EventDate "2011.08.09"]
[EventType "swiss"]
[EventRounds "9"]
[EventCountry "ESP"]
[Source "lmi"]
[SourceDate "2011.08.09"]

1. d4 Nf6 2. Nf3 g6 3. c4 c5 4. d5 b5 5. e3 d6 6. cxb5 a6 7. Nc3 Bg7 8. Be2 O-O
9. O-O axb5 10. Bxb5 Ba6 11. a4 Qb6 12. Ra3 Ne8 13. Nd2 Bxc3 14. Nc4 Qb7 15.
Rxc3 Bxb5 16. axb5 Qxb5 17. e4 Nd7 18. f4 Nb6 19. Nxb6 Qxb6 20. f5 Nf6 21. Qe2
Ra4 22. fxg6 fxg6 23. Bh6 Rb8 24. e5 Re4 25. exf6 c4+ 26. Kh1 1-0

[Event "6.Torneo de Promoción Almansa B 2011"]
[Site "Almansa (Albacete)"]
[Date "2011.08.10"]
[Round "2.6"]
[White "Fernandez Cano, Victor"]
[Black "Boj Marques, Javier"]
[Result "1-0"]
[WhiteElo "1766"]
[BlackElo "1968"]
[PlyCount "81"]
[EventDate "2011.08.09"]
[EventType "swiss"]
[EventRounds "9"]
[EventCountry "ESP"]
[Source "lmi"]
[SourceDate "2011.08.09"]

1. Nf3 g6 2. d4 Bg7 3. c3 Nf6 4. Bf4 O-O 5. e3 d6 6. Be2 Nbd7 7. O-O Qe8 8. h3
e5 9. Bh2 Qe7 10. Na3 a6 11. Rc1 e4 12. Nd2 h5 13. Qc2 Re8 14. b4 Nh7 15. c4 c6
16. Nab1 Ng5 17. h4 Nh7 18. Nc3 f5 19. b5 Ndf6 20. bxc6 bxc6 21. Bf4 Ng4 22.
Bxg4 hxg4 23. g3 g5 24. hxg5 Nxg5 25. Bxg5 Qxg5 26. Kg2 Bxd4 27. exd4 e3 28.
fxe3 Rxe3 29. Rf4 Ra7 30. Rh1 Rae7 31. Nf1 Re1 32. Qd2 Qg6 33. Rf2 Qe8 34. d5
c5 35. Qh6 Rg7 36. Qxd6 f4 37. Qxf4 Rg6 38. Rh4 Re5 39. Rh6 Rg7 40. Qf6 Re1 41.
Qh4 1-0

[Event "6.Torneo de Promoción Almansa B 2011"]
[Site "Almansa (Albacete)"]
[Date "2011.08.10"]
[Round "2.7"]
[White "Fernandez-Gallardo Romero, Alva"]
[Black "Garcia Ruano, Juan Carlos"]
[Result "1/2-1/2"]
[WhiteElo "1760"]
[BlackElo "1965"]
[PlyCount "80"]
[EventDate "2011.08.09"]
[EventType "swiss"]
[EventRounds "9"]
[EventCountry "ESP"]
[Source "lmi"]
[SourceDate "2011.08.09"]

1. e4 e6 2. d4 d5 3. exd5 exd5 4. Bd3 Bd6 5. Nf3 Nf6 6. Bg5 O-O 7. O-O Bg4 8.
Nbd2 Nbd7 9. c4 dxc4 10. Bxc4 Nb6 11. Qb3 Nxc4 12. Nxc4 Be6 13. Qc2 Bd5 14.
Nfe5 c6 15. Ne3 Be7 16. Nf5 Be6 17. Nxe7+ Qxe7 18. Rfe1 h6 19. Bh4 g5 20. Bg3
Rfd8 21. Rad1 Qb4 22. Nd3 Qc4 23. Qxc4 Bxc4 24. Nc5 b6 25. b3 Bd5 26. Na6 Rd7
27. f3 Nh5 28. Nb4 Nxg3 29. hxg3 Rad8 30. Nxd5 Rxd5 31. Rc1 R8d6 32. Re7 Rxd4
33. Rxa7 Re6 34. Ra6 c5 35. Rc2 Kg7 36. Kf2 Rd1 37. g4 Red6 38. Kg3 R1d2 39.
Rxd2 Rxd2 40. Rxb6 Rxa2 1/2-1/2

[Event "6.Torneo de Promoción Almansa B 2011"]
[Site "Almansa (Albacete)"]
[Date "2011.08.10"]
[Round "2.8"]
[White "Martinez Escandell, Alfonso"]
[Black "Bernabeu Lopez, Carlos Javier"]
[Result "0-1"]
[WhiteElo "1964"]
[BlackElo "1760"]
[PlyCount "94"]
[EventDate "2011.08.09"]
[EventType "swiss"]
[EventRounds "9"]
[EventCountry "ESP"]
[Source "lmi"]
[SourceDate "2011.08.09"]

1. d4 Nf6 2. c4 g6 3. g3 Bg7 4. Bg2 d5 5. c5 Bf5 6. Nf3 O-O 7. O-O Nbd7 8. Nc3
c6 9. Bf4 Nh5 10. Bd2 e5 11. e3 Bd3 12. Ne2 e4 13. Ne1 Ba6 14. Nc2 b6 15. cxb6
axb6 16. Re1 Nhf6 17. Nb4 Bb7 18. a3 c5 19. Na2 Qe7 20. Bc3 Rfd8 21. Qb3 Ba6
22. Nf4 Bc4 23. Qc2 g5 24. Ne2 Ne8 25. dxc5 bxc5 26. Bxg7 Nxg7 27. Nec3 Ne5 28.
Nxe4 Bxa2 29. Rxa2 dxe4 30. Bxe4 Ra6 31. Bxh7+ Kh8 32. Be4 f5 33. Bg2 Rh6 34.
Raa1 g4 35. Qe2 Ne6 36. f4 gxf3 37. Bxf3 Qh7 38. h4 Qg7 39. Kg2 f4 40. g4 Nxf3
41. Kxf3 Rxh4 42. Rg1 Rh3+ 43. Kf2 fxe3+ 44. Ke1 Nf4 45. Qf1 Qxb2 46. Qxf4
Qxa1+ 47. Ke2 Rd2# 0-1

[Event "6.Torneo de Promoción Almansa B 2011"]
[Site "Almansa (Albacete)"]
[Date "2011.08.10"]
[Round "2.9"]
[White "Alzate Echavarri, Cesar Augusto"]
[Black "Alcaraz Cordoba, Sergio"]
[Result "0-1"]
[WhiteElo "1744"]
[BlackElo "1959"]
[PlyCount "76"]
[EventDate "2011.08.09"]
[EventType "swiss"]
[EventRounds "9"]
[EventCountry "ESP"]
[Source "lmi"]
[SourceDate "2011.08.09"]

1. e4 e6 2. d4 d5 3. e5 c5 4. c3 Qb6 5. Nf3 Nc6 6. Bd3 Bd7 7. Bc2 cxd4 8. cxd4
Nb4 9. O-O Nxc2 10. Qxc2 Rc8 11. Nc3 Ne7 12. Be3 Nc6 13. Na4 Qa5 14. Nc3 b5 15.
a3 Qb6 16. Rfd1 Be7 17. h3 O-O 18. Qe2 Na5 19. h4 Rc7 20. Bg5 Bxg5 21. hxg5
Rfc8 22. Kh2 Nc4 23. Rd3 b4 24. axb4 Qxb4 25. g6 fxg6 26. Ng5 h6 27. Qg4 hxg5
28. Qxg5 Be8 29. Rh3 Qe7 30. Qg4 Nxb2 31. Nb5 Bxb5 32. Qxg6 Bd3 33. Qh5 Qe8 34.
Qh8+ Kf7 35. Rf3+ Bf5 36. Qh5+ Kg8 37. Qh4 Qg6 38. Qf4 Qh5+ 0-1

[Event "6.Torneo de Promoción Almansa B 2011"]
[Site "Almansa (Albacete)"]
[Date "2011.08.10"]
[Round "2.10"]
[White "Gonzalez Lopez, Julian"]
[Black "Cano Manrique, Carlos Alberto"]
[Result "1-0"]
[WhiteElo "1948"]
[BlackElo "1739"]
[PlyCount "93"]
[EventDate "2011.08.09"]
[EventType "swiss"]
[EventRounds "9"]
[EventCountry "ESP"]
[Source "lmi"]
[SourceDate "2011.08.09"]

1. d4 d5 2. c4 e6 3. Nc3 f5 4. Nf3 c6 5. Bg5 Be7 6. Bxe7 Qxe7 7. e3 Nf6 8. Qc2
O-O 9. Bd3 Ne4 10. Ne5 Nd7 11. Nxd7 Bxd7 12. O-O Rae8 13. f3 Nxc3 14. Qxc3 Rf6
15. f4 h6 16. b4 g5 17. a4 g4 18. b5 Rf7 19. c5 h5 20. Rfb1 h4 21. Rb2 h3 22.
g3 Kh8 23. Qa5 Ra8 24. Qc7 Be8 25. Qe5+ Qf6 26. Qxf6+ Rxf6 27. bxc6 Bxc6 28.
Bb5 Rf7 29. Bxc6 bxc6 30. a5 a6 31. Rab1 Raa7 32. Rb8+ Kg7 33. Rc8 Rfc7 34.
Rxc7+ Rxc7 35. Rb6 Kf7 36. Rxa6 Ke7 37. Kf1 Kd7 38. Ke2 Rb7 39. Rb6 Kc7 40. Kd3
Ra7 41. a6 Ra8 42. Kc3 Rb8 43. Kb4 Ra8 44. Rb7+ Kc8 45. Ka5 Rb8 46. Rxb8+ Kxb8
47. Kb6 1-0

[Event "6.Torneo de Promoción Almansa B 2011"]
[Site "Almansa (Albacete)"]
[Date "2011.08.10"]
[Round "2.11"]
[White "Campos Gutierrez, Luis Maria"]
[Black "Montiel Miguelez, Manuel"]
[Result "0-1"]
[WhiteElo "1739"]
[BlackElo "1937"]
[PlyCount "58"]
[EventDate "2011.08.09"]
[EventType "swiss"]
[EventRounds "9"]
[EventCountry "ESP"]
[Source "lmi"]
[SourceDate "2011.08.09"]

1. d4 Nf6 2. Nc3 d5 3. Bg5 Bf5 4. Bxf6 exf6 5. e4 dxe4 6. Qe2 c6 7. O-O-O Bb4
8. g4 Be6 9. d5 cxd5 10. Qb5+ Nc6 11. Qxb7 Qc8 12. Qxc6+ Qxc6 13. Bb5 Qxb5 14.
Nxb5 Ke7 15. h3 g6 16. Nd4 Rac8 17. Nge2 f5 18. gxf5 gxf5 19. Nf4 Bd6 20. Nxd5+
Bxd5 21. Nxf5+ Ke6 22. Ng7+ Ke5 23. f4+ exf3 24. Rhe1+ Be4 25. Rxe4+ Kxe4 26.
Rxd6 Rhg8 27. Nh5 Rg1+ 28. Rd1 f2 29. Nf6+ Kf3 0-1